| 000 | 00318 a2200145 4500 | ||
|---|---|---|---|
| 001 | 86037 | ||
| 082 | _a823.914 MAY | ||
| 090 |
_c40400 _d40400 |
||
| 100 | _aMayle Peter | ||
| 245 | _aChasing Cezanne | ||
| 250 | _a1st | ||
| 260 |
_aNew York _bAlfred A Knopf _c1997 |
||
| 300 | _a296P. | ||
| 500 | _aGeneral Books | ||
| 942 |
_aNUST CAE _k823.914 MAY |
||
| 999 |
_c321110 _d321110 |
||